Classes de Wakfu - Statistiques

Statistiques générales
  • Ce quiz a été pris 46 fois
  • Le résultat moyen est 13 sur 18
Statistiques - réponses
Réponse % Correct
Iop
100%
Crâ
94%
Eliotrope
92%
Sadida
92%
Enutrof
89%
Xélor
86%
Eniripsa
83%
Sram
78%
Écaflip
75%
Osamodas
72%
Pandawa
72%
Sacrieur
72%
Féca
69%
Roublard
56%
Steamer
53%
Ouginak
50%
Zobal
47%
Huppermage
36%
Aucun quiz correspondant
Distribution des résultats
% des personnes avec chaque résultat
Percentile par nombre de réponses
Votre historique - résultats
Vous n’avez pas pris ce quiz